Normal view
MARC view
- Li, Qiang.
Entry Personal Name
001 - CONTROL NUMBER
- control field: 53570
003 - CONTROL NUMBER IDENTIFIER
- control field: OSt
005 - DATE AND TIME OF LATEST TRANSACTION
- control field: 20240228092234.0
008 - FIXED-LENGTH DATA ELEMENTS
- fixed length control field: 240228|| aca||aabn | a|a d
040 ## - CATALOGING SOURCE
- Original cataloging agency: OSt
- Transcribing agency: OSt
100 ## - HEADING--PERSONAL NAME
- Personal name: Li, Qiang.
- Relator term: author.
670 ## - SOURCE DATA FOUND
- Source citation: Work cat.: (OSt): Son, Gibong. author. 53569, Control techniques for CRM-based high-frequency soft-switching three-phase inverter under unbalanced grid conditions /, June 2022.
